2236-美濃加茂市(岐阜県)の駅 - Statistics

General Stats
  • This quiz has been taken 7 times
  • The average score is 3 of 5
Answer Stats
Answer % Correct
美濃太田
100%
美濃川合
67%
加茂野
50%
古井
33%
前平公園
33%
No matching quizzes found
Score Distribution
Percent of People with Each Score
Percentile by Number Answered
Your Score History
You have not taken this quiz